LEADER 01409nas 2200469- 450 001 9910137847903321 005 20230824213017.0 035 $a(DE-599)ZDB2221872-5 035 $a(OCoLC)607371088 035 $a(CKB)110978977118218 035 $a(CONSER)--2019234074 035 $a(EXLCZ)99110978977118218 100 $a20100414a19249999 --- a 101 0 $aeng 135 $aurbn||||||abp 135 $aurbn||||||ada 181 $ctxt$2rdacontent 182 $cc$2rdamedia 183 $acr$2rdacarrier 200 00$aAsia major 210 1$aLipsiae [Leipzig] :$cAsia major,$d1924- 210 21$aLondon :$cTaylor's Foreign Press 210 21$aPrinceton, N.J. :$cPrinceton University Press 210 31$aTaiwan :$cInstitute of History and Philology of the Academia Sinica 215 $a1 online resource 311 $a0004-4482 531 $aASIA MAJOR A JOURNAL OF FAR EASTERN STUDIES 607 $aEast Asia$vPeriodicals 607 $aAsia, Central$vPeriodicals 607 $aChina$vPeriodicals 607 $aAsie centrale$vPériodiques 607 $aCentral Asia$2fast 607 $aChina$2fast 607 $aEast Asia$2fast 608 $aCzasopismo spoleczno-polityczne.$2dbn 608 $aPeriodicals.$2fast 608 $aPeriodicals.$2lcgft 676 $a950.05 906 $aJOURNAL 912 $a9910137847903321 996 $aASIA Major$9631683 997 $aUNINA LEADER 01267nam0 22003373i 450 001 MIL0713337 005 20251003044236.0 010 $a0071462899 010 $a9780071462891 100 $a20091125d2006 ||||0itac50 ba 101 | $aeng 102 $aus 181 1$6z01$ai $bxxxe 182 1$6z01$an 200 1 $aConcrete$emicrostructure, properties, and materials$fP. Kumar Mehta, Paulo J.M. Monteiro 205 $a3. ed 210 $aNew York [etc.]$cMcGraw-Hill$dc2006 215 $aXXI, 659 p.$cill.$d25 cm$e1 CD-ROM. 606 $aCalcestruzzi$2FIR$3CFIC001064$9E 676 $a620.1$9Ingegneria e attivita affini$v14 676 $a620.136$9MATERIALI DELL'INGEGNERIA. CALCESTRUZZO$v22 700 1$aMehta$b, Povindar Kumar$f <1930- >$3VEAV027854$4070$0770691 701 1$aMonteiro$b, Paulo J. M.$3VEAV027855$4070$0770692 801 3$aIT$bIT-000000$c20091125 850 $aIT-BN0095 901 $bNAP 01$cSALA DING $n$ 912 $aMIL0713337 950 0$aBiblioteca Centralizzata di Ateneo$b1 v. + 1 CD-ROM$c1 v. + 1 CD-ROM$d 01SALA DING 620.1 MEH.co$e 0102 0000075485 VMA A4 1 v. + 1 CD-ROM$fY $h20091124$i20091124 977 $a 01 996 $aConcrete$91572637 997 $aUNISANNIO